KU KLASICKÉMU n-OSCILÁTORU

Bibliographic Details
Main Author: Blažek, Mikuláš, 1932- (Author)
Format: Article
Language:Slovak

MARC

LEADER 00000nab a2200000uu 4500
001 vtls010897964
003 SK-MaSNL
005 20260303110332.0
008 230121|1960 xo |||||||||||||||||slo|
015 |a SNBRB 
035 |a (urnnbn)urn:nbn:sk:snk:ar-006nsc 
035 |a (uuid)fbf31345-7e18-4902-b90e-6fb13649238c 
035 |a urn:nbn:sk:snk-ab8q9m 
040 |a SNKBUCL  |b slo  |c SNKBUCL  |e AACR2 
041 0 |a slo 
044 |a xo  |c SK 
100 1 |a Blažek, Mikuláš,  |d 1932-  |4 aut  |9 101899 
245 1 0 |a KU KLASICKÉMU n-OSCILÁTORU  |c Mikuláš Blažek 
773 0 |t Matematicko-fyzikálny časopis  |g Roč. 10, č. 2 (1960), s. 111-122 
954 |a odborná, vedecká literatúra pôvodná (slovenská)  |2 lita 
958 |a OND 
958 |a EUIPO 
958 |a article10 
999 |c 1869607  |d 1871537